Online
Catalog

Textos y estudios sobre astronomía española en el siglo XIII / (Record no. 38714)

MARC details
000 -CABECERA
campo de control de longitud fija 00885nam a2200193 a 4500
001 - NÚMERO DE CONTROL
campo de control 000039224
005 - FECHA Y HORA DE LA ÚLTIMA TRANSACCIÓN
campo de control 20201002031542.0
008 - DATOS DE LONGITUD FIJA--INFORMACIÓN GENERAL
campo de control de longitud fija 130611s1981 sp 001 0 spa d
020 ## - NÚMERO INTERNACIONAL ESTÁNDAR DEL LIBRO
Número Internacional Estándar del Libro 74880432
040 ## - FUENTE DE LA CATALOGACIÓN
Centro catalogador/agencia de origen DO-SdBNP
Lengua de catalogación spa
Centro/agencia transcriptor BNPHU
245 00 - MENCIÓN DE TÍTULO
Título Textos y estudios sobre astronomía española en el siglo XIII /
Mención de responsabilidad, etc. editados por Juan Vernet.
260 ## - PUBLICACIÓN, DISTRIBUCIÓN, ETC.
Lugar de publicación, distribución, etc. Barcelona :
Nombre del editor, distribuidor, etc. Facultad de Filosofía y Letras, Universidad Autónoma de Barcelona,
Fecha de publicación, distribución, etc. 1981.
300 ## - DESCRIPCIÓN FÍSICA
Extensión 323 p. ; :
Otras características físicas il. ;
Dimensiones 26 cm.
500 ## - NOTA GENERAL
Nota general A la parte superior de la portada: Instituto de Filología. Institución Milá y Fontanals. Consejo Superior de Investigaciones Científicas
546 ## - NOTA DE LENGUA/LENGUAJE
Nota de lengua/lenguaje Textos en castellano, llatí, àrabe i catalàn
700 1# - PUNTO DE ACCESO ADICIONAL--NOMBRE DE PERSONA
Nombre de persona Vernet, Juan
Fechas asociadas al nombre 1923-2011
Término indicativo de función/relación ed.
9 (RLIN) 65430
710 2# - PUNTO DE ACCESO ADICIONAL--NOMBRE DE ENTIDAD CORPORATIVA
Nombre de entidad corporativa o nombre de jurisdicción como elemento de entrada Universidad Autónoma de Barcelona
9 (RLIN) 65431
710 2# - PUNTO DE ACCESO ADICIONAL--NOMBRE DE ENTIDAD CORPORATIVA
Nombre de entidad corporativa o nombre de jurisdicción como elemento de entrada Institució Milà i Fontanals
Unidad subordinada Instituto de Filología
9 (RLIN) 65432
Holdings
Estado de retiro Estado de pérdida Restricciones de uso No para préstamo Código de colección Localización permanente Ubicación/localización actual Ubicación en estantería Fecha de adquisición Número de inventario Total de préstamos Signatura topográfica completa Código de barras Fecha visto por última vez Precio válido a partir de Tipo de ítem Koha
      Excluido de préstamo Monografías: Libros y Folletos General General En catalogación 11.06.2013 LF1   39224-10 25.06.2020 25.06.2020 No se presta

Powered by Koha